000 01694nam a22001217a 4500
020 _a0844810033
082 _a001.61 FRE
100 _aFREEDMAN,A.L
245 _aREAL-TIME B XCCC BV MMMMMMMMMMMMM BBBBBBBBBBBB REAL -TIME REAL REAL-TIME COMPUTER SYSTEMS COMPUTER
260 _aLONDON
_bBRITAIN
_c1977
300 _avii,277p.
_b23cm.
942 _cBK
999 _c16856
_d16856